000 01176nac a22003257a 4500
001 BR0502104
003 BR-BrBNA
005 20240105123134.0
008 230509b bl.|||m| |||| 00| 0 por d
040 _aBR-BrBNA
_bpor
_cBiblioteca Nacional de Agricultura
072 _aP34
090 _aP34 BR0502104
100 1 _aBrown, G.G.
100 1 _aFragoso, C.
100 1 _aOliveira, L.J.
110 1 _aEMBRAPA Soja, Londrina, PR (Brasil)
111 1 _aWorkshop; o uso da macrofauna edáfica na agricultura do século 21: a importância dos engenheiros do solo
_cLondrina, PR (Brazil)
_d8-12 sep 2003
245 1 _aAnais do workshop: o uso da macrofauna edáfica na agricultura do século 21: a importância dos engenheiros do solo
260 3 _aLondrina, PR (Brasil):
_c2003.
300 _a236 p.
490 _aDocumentos - EMBRAPA Soja (Brazil)
_vno. 224
_xISSN 1516-781X
500 _a33 tables; 39 illus.; Several Bibliographies
650 _aFAUNA EDÁFICA
650 _aANIMAL INVERTEBRADO
650 _aBIOLOGIA DO SOLO
650 _aQUALIDADE
650 _aBIODIVERSIDADE
909 _a202312
_bLúcia Elande
_c55
_dLúcia Elande
942 _2AGRIS
_n0
_cMS
999 _c294156
_d294156